|
|
|
|
| LEADER |
00000naa2a2200000 4500 |
| 001 |
386793 |
| 005 |
20231101063522.0 |
| 035 |
|
|
|a (RuTPU)RU\TPU\prd\15895
|
| 090 |
|
|
|a 386793
|
| 100 |
|
|
|a 20030702a2003 k y0rusy50 ca
|
| 101 |
0 |
|
|a rus
|
| 102 |
|
|
|a RU
|
| 200 |
1 |
|
|a Разумная вентиляция - что это такое?
|
| 225 |
1 |
|
|a Энергоэффективная вентиляция
|
| 461 |
|
1 |
|0 (RuTPU)RU\TPU\prd\913
|x 1609-7505
|t Энергосбережение
|o специализированный журнал
|f Ассоциация инженеров по отоплению, вентиляции, кондиционированию воздуха, теплоснабжению и строительной теплофизике (АВОК), ООО ИИП "АВОК-ПРЕСС"
|d 2000-
|
| 463 |
|
1 |
|0 (RuTPU)RU\TPU\prd\15778
|t № 3
|v С. 21
|d 2003
|
| 610 |
1 |
|
|a вентиляция
|
| 610 |
1 |
|
|a разумная вентиляция
|
| 610 |
1 |
|
|a оборудование
|
| 610 |
1 |
|
|a фирмы
|
| 610 |
1 |
|
|a подогрев воздуха
|
| 801 |
|
1 |
|a RU
|b 63413507
|c 20030702
|g PSBO
|
| 801 |
|
2 |
|a RU
|b 63413507
|c 20120417
|g RCR
|
| 942 |
|
|
|c BK
|